书目信息 |
| 题名: |
工业机器人设计与实例详解
|
|
| 作者: | 曹胜男 , 朱冬 , 祖国建 编著 | |
| 分册: | ||
| 出版信息: | 北京 化学工业出版社 2019 |
|
| 页数: | 173页 | |
| 开本: | 24cm | |
| 丛书名: | ||
| 单 册: | ||
| 中图分类: | TP242.2 | |
| 科图分类: | ||
| 主题词: | 工业机器人--gong ye ji qi ren--研究 | |
| 电子资源: | ||
| ISBN: | 978-7-122-33450-3 | |
| 000 | 01137nam0 2200265 450 | |
| 001 | 1965750788 | |
| 005 | 20190426161204.6 | |
| 010 | @a978-7-122-33450-3@dCNY 49.00 | |
| 099 | @aCAL 012019054845 | |
| 100 | @a20190426d2019 em y0chiy50 ea | |
| 101 | 0 | @achi |
| 102 | @aCN@b110000 | |
| 105 | @aak a 000yy | |
| 200 | 1 | @a工业机器人设计与实例详解@Agong ye ji qi ren she ji yu shi li xiang jie@f曹胜男, 朱冬, 祖国建编著 |
| 210 | @a北京@c化学工业出版社@d2019 | |
| 215 | @a173页@c图@d24cm | |
| 320 | @a有书目 (第173页) | |
| 330 | @a本书将在介绍工业机器人基本分类、工作原理与用途的基础上,给出了机器人设计的整体思路和设计方法;同时,通过列举实例,重点介绍了工业机器人机械系统设计、驱动系统设计、控制系统设计、感觉系统设计、编程设计、示教与再现等方面的要求与实现方法,最后通过喷涂机器人、焊接机器人、装配机器人等几个典型实例详细说明不同功能机器人的整体结构特点与设计、实现方法。 | |
| 606 | 0 | @a工业机器人@Agong ye ji qi ren@x研究 |
| 690 | @aTP242.2@v5 | |
| 701 | 0 | @a曹胜男@Acao sheng nan@4编著 |
| 701 | 0 | @a朱冬@Azhu dong@4编著 |
| 701 | 0 | @a祖国建@Azu guo jian@4编著 |
| 801 | 0 | @aCN@bNMU@c20190426 |
| 905 | @aBZT@dTP242.2@e12 | |
| 工业机器人设计与实例详解/曹胜男, 朱冬, 祖国建编著.-北京:化学工业出版社,2019 |
| 173页:图;24cm |
| ISBN 978-7-122-33450-3:CNY 49.00 |
| 本书将在介绍工业机器人基本分类、工作原理与用途的基础上,给出了机器人设计的整体思路和设计方法;同时,通过列举实例,重点介绍了工业机器人机械系统设计、驱动系统设计、控制系统设计、感觉系统设计、编程设计、示教与再现等方面的要求与实现方法,最后通过喷涂机器人、焊接机器人、装配机器人等几个典型实例详细说明不同功能机器人的整体结构特点与设计、实现方法。 |
| ● |
| 相关链接 |
|
|
|
正题名:工业机器人设计与实例详解
索取号:TP242.2/12
 
预约/预借
| 序号 | 登录号 | 条形码 | 馆藏地/架位号 | 状态 | 备注 |
| 1 | 865570 | 2000865570 | 第二书库/ [索取号:TP242.2/12] | 在馆 | |
| 2 | 865571 | 2000865571 | 第二书库/ [索取号:TP242.2/12] | 在馆 | |
| 3 | 865572 | 2000865572 | 第二书库/ [索取号:TP242.2/12] | 在馆 |